• 首页
  • 本馆介绍
  • 公告通知
  • 最新文献
  • 馆藏检索
  • 电子资源
  • 读者导购
  • 参考咨询
  • 我的图书馆
  • 登录
  • 详细信息显示
  • 放入我的书架
  • 预约/预借图书
  • 作者相关作品
  • 分类相关作品
  • 丛书相关作品
  • 出版社相关作品

书目信息

  • 表格格式
  • 工作单格式
  • 卡片格式
题名:
大学体育
    
 
作者: 刘振武 主编
分册:  
出版信息: 天津   天津人民出版社  2002
页数: 452页
开本: 20cm
丛书名:
单 册:
中图分类: G80
科图分类:
主题词: 体育理论
电子资源:
ISBN: 7-201-04063-4
000 00519nam0 2200193 450
001 0633108249
005 20061013091409.34
010    @a7-201-04063-4@dCNY16.00
100    @a20061013d2002 km y0chiy0120 ea
101 0  @achi
102    @aCN@b120000
200 1  @a大学体育@Ada xue ti yu@f刘振武主编@Fliu zhen wu zhu bian
210    @a天津@c天津人民出版社@d2002
215    @a452页@d20cm
606 0  @a体育理论
690    @aG80@v3
701  0 @a刘振武@Aliu zhen wu@4主编
801  0 @aCN@bPFT@c20061013
905    @a10447@dG80@e186
    
    大学体育/刘振武主编.-天津:天津人民出版社,2002
    452页;20cm
    
    
    ISBN 7-201-04063-4:CNY16.00
    
●
相关链接 在E读中查询图书 在五车中查询图书 在当当中查询图书 在豆瓣中查询图书


正题名:大学体育     索取号:G80/186         预约/预借

序号 登录号 条形码 馆藏地/架位号 状态 备注
1 0501876   205018764   密集书库/ [索取号:G80/186] 在馆    
唐山师范学院图书馆 欢迎您!
大连网信软件有限公司© 版权所有